00507nam a2200145Ia 4500008004100000020001800041050001800059100001900077245009800096250001000194260003100204300002000235440002700255700007900282120721s9999 xx 000 0 und d a84-8432-295-5 aBJ66 K16 1988 aKant, Immanuel aLecciones de etica / Kant Immanuel ; tr. Roberto Rodríguez Aramayo ; Concha Roldan Panadero a2a ed aEspaña : Crítica, 1988 a307 p. ; 22 cm. aBiblioteca de bolsillo aI. Rodríguez Aramayo, Roberto, tr. II. Roldán Panadero, Concha, tr.Ì